000 00579nam a2200241Ia 4500
003 OSt
005 20220924140214.0
006 a|||||r|||| 00| 0
007 ta
008 220923b |||||||| |||| 00| 0 ben d
020 _c4
024 _a294055
037 _cTextual
040 _aARTS
_cARTS
_bben
041 _2ben
_aben
082 _aO157,1N54,1, M6
100 _aRay Shanto
_9211088
245 0 _aEi lekaguli
260 _c1986
650 _aBENGALI LITERATURE
942 _hO157,1N54,1, M6
_cTEXL
_2CC
999 _c443299
_d443299